[Event "MESRRK"]
[Site "?"]
[Date "2018.05.27"]
[Round "9.1"]
[White "Kovarikova, Maria"]
[Black "Kostolansky, Sebastian Lukas"]
[Result "0-1"]
[BlackElo "1923"]
[WhiteElo "1236"]
[LiveChessVersion "1.4.8"]

1. e4 {[%clk 0:20:19]} g6 {[%clk 0:20:19]} 2. d4 {[%clk 0:20:27]} Bg7
{[%clk 0:20:29]} 3. f4 {[%clk 0:20:36]} d6 {[%clk 0:20:36]} 4. Nc3
{[%clk 0:20:37]} Nd7 {[%clk 0:20:44]} 5. Nf3 e6 {[%clk 0:19:30]} 6. Bd3
{[%clk 0:20:41]} Ne7 {[%clk 0:19:38]} 7. Be3 {[%clk 0:20:49]} a6 {[%clk 0:19:33]}
8. O-O {[%clk 0:20:44]} O-O {[%clk 0:19:40]} 9. Qd2 {[%clk 0:20:30]} b5
{[%clk 0:19:48]} 10. a3 {[%clk 0:20:38]} Bb7 {[%clk 0:19:32]} 11. Rae1
{[%clk 0:19:57]} c5 {[%clk 0:19:06]} 12. e5 {[%clk 0:18:27]} cxd4
{[%clk 0:17:39]} 13. Bxd4 {[%clk 0:18:04]} Nc6 {[%clk 0:17:37]} 14. Be4
{[%clk 0:15:41]} dxe5 {[%clk 0:16:30]} 15. Bxc6 {[%clk 0:14:20]} exd4
{[%clk 0:14:35]} 16. Bxb7 {[%clk 0:14:10]} dxc3 {[%clk 0:14:42]} 17. bxc3
{[%clk 0:14:13]} Qb6+ {[%clk 0:14:50]} 18. Kh1 {[%clk 0:13:52]} Qxb7
{[%clk 0:14:58]} 19. Nd4 {[%clk 0:13:46]} Nb6 {[%clk 0:15:04]} 20. Qe2
{[%clk 0:13:03]} Rac8 {[%clk 0:15:06]} 21. Rf3 {[%clk 0:12:56]} Nd5
{[%clk 0:15:10]} 22. Rd1 {[%clk 0:12:37]} Nxc3 {[%clk 0:15:17]} 23. Rxc3
{[%clk 0:12:42]} Rxc3 {[%clk 0:15:25]} 24. Nf3 {[%clk 0:12:44]} Rfc8
{[%clk 0:15:31]} 25. Ne5 {[%clk 0:12:37]} Rxc2 {[%clk 0:15:31]} 26. Qf3
{[%clk 0:12:40]} Qxf3 {[%clk 0:15:37]} 27. Nxf3 {[%clk 0:12:48]} Rc1
{[%clk 0:15:44]} 28. Rg1 {[%clk 0:12:50]} R8c3 {[%clk 0:15:49]} 29. h3
{[%clk 0:12:53]} Rxg1+ {[%clk 0:15:55]} 30. Kxg1 {[%clk 0:13:01]} Rxa3
{[%clk 0:16:04]} 31. Kf2 {[%clk 0:13:08]} b4 {[%clk 0:16:13]} 32. Ke2
{[%clk 0:13:14]} Rxf3 {[%clk 0:16:19]} 33. gxf3 {[%clk 0:13:23]} b3
{[%clk 0:16:28]} 34. Kd2 {[%clk 0:13:31]} b2 {[%clk 0:16:37]} 35. Kc2
{[%clk 0:13:40]} a5 {[%clk 0:16:46]} 36. Kb1 {[%clk 0:13:48]} a4 {[%clk 0:16:56]}
37. Ka2 {[%clk 0:13:57]} a3 {[%clk 0:17:05]} 38. Kb1 {[%clk 0:14:06]} Kf8
{[%clk 0:17:12]} 39. Ka2 {[%clk 0:14:15]} Ke7 {[%clk 0:17:21]} 40. Kb1
{[%clk 0:14:24]} Kd6 {[%clk 0:17:30]} 41. Ka2 Kc5 42. Kb1 {[%clk 0:14:42]} Kb4
{[%clk 0:17:48]} 43. f5 {[%clk 0:14:51]} gxf5 {[%clk 0:17:55]} 44. f4
{[%clk 0:15:00]} Kb3 {[%clk 0:18:03]} 45. h4 a2# 0-1

[Event "MESRRK"]
[Site "?"]
[Date "2018.05.27"]
[Round "9.2"]
[White "Domanskiy, Mykola"]
[Black "Kovalskyi, Roman"]
[Result "1/2-1/2"]
[BlackElo "1610"]
[WhiteElo "1598"]
[LiveChessVersion "1.4.8"]

1. e4 {[%clk 0:20:18]} c5 {[%clk 0:20:20]} 2. c3 {[%clk 0:20:24]} g6
{[%clk 0:20:28]} 3. d4 {[%clk 0:20:33]} cxd4 {[%clk 0:20:37]} 4. cxd4
{[%clk 0:20:42]} d5 {[%clk 0:20:46]} 5. exd5 {[%clk 0:20:48]} Nf6
{[%clk 0:20:54]} 6. Nc3 {[%clk 0:20:57]} Nxd5 {[%clk 0:20:58]} 7. Bb5+
{[%clk 0:20:58]} Bd7 {[%clk 0:20:18]} 8. Bxd7+ {[%clk 0:20:22]} Qxd7
{[%clk 0:20:26]} 9. Nge2 {[%clk 0:20:24]} Bg7 {[%clk 0:20:22]} 10. O-O
{[%clk 0:20:29]} O-O {[%clk 0:20:29]} 11. Nxd5 {[%clk 0:19:51]} Qxd5
{[%clk 0:20:36]} 12. Be3 {[%clk 0:20:00]} Nc6 {[%clk 0:20:19]} 13. Qd2
{[%clk 0:20:08]} Rfd8 {[%clk 0:20:12]} 14. Rfd1 {[%clk 0:20:17]} e5
{[%clk 0:19:40]} 15. dxe5 {[%clk 0:20:08]} Qxd2 {[%clk 0:19:48]} 16. Rxd2
{[%clk 0:20:17]} Rxd2 {[%clk 0:19:49]} 17. Bxd2 {[%clk 0:20:26]} Nxe5
{[%clk 0:19:57]} 18. Bc3 {[%clk 0:20:34]} Rd8 {[%clk 0:19:52]} 19. f4
{[%clk 0:20:04]} Nc6 {[%clk 0:19:44]} 20. Re1 {[%clk 0:19:15]} Bxc3
{[%clk 0:19:26]} 21. Nxc3 Rd2 {[%clk 0:19:33]} 22. Re2 {[%clk 0:19:32]} Rd7
{[%clk 0:19:22]} 23. Kf2 {[%clk 0:19:29]} f5 {[%clk 0:18:45]} 24. a3
{[%clk 0:18:53]} Kf7 {[%clk 0:18:40]} 25. h3 {[%clk 0:18:56]} h5 {[%clk 0:18:34]}
26. g4 {[%clk 0:18:13]} hxg4 {[%clk 0:16:59]} 27. hxg4 {[%clk 0:18:22]} Rd3
{[%clk 0:15:22]} 28. gxf5 {[%clk 0:18:16]} gxf5 {[%clk 0:15:28]} 29. Re3
{[%clk 0:17:53]} Rd4 {[%clk 0:14:58]} 30. Kg3 {[%clk 0:17:21]} Rd2
{[%clk 0:13:57]} 31. b4 {[%clk 0:15:13]} Nd8 {[%clk 0:12:58]} 32. Nb1
{[%clk 0:14:21]} Rd4 {[%clk 0:12:36]} 33. Nc3 {[%clk 0:14:14]} a6
{[%clk 0:11:56]} 34. Ne2 {[%clk 0:13:50]} Rd6 {[%clk 0:11:43]} 35. Ng1
{[%clk 0:13:46]} Ne6 {[%clk 0:11:26]} 36. Nf3 {[%clk 0:13:54]} Kf6
{[%clk 0:10:15]} 37. Ne5 {[%clk 0:12:16]} Rd4 {[%clk 0:09:15]} 38. Nf3
{[%clk 0:11:58]} Rd6 {[%clk 0:08:56]} 39. Ne5 {[%clk 0:12:06]} Rd4
{[%clk 0:07:41]} 40. Nf3 {[%clk 0:12:14]} Rd8 {[%clk 0:07:44]} 41. Ne5
{[%clk 0:10:48]} Rd4 {[%clk 0:07:18]} 42. Nf3 {[%clk 0:10:53]} Rd7
{[%clk 0:06:55]} 43. Ne5 {[%clk 0:10:43]} 1/2-1/2

[Event "MESRRK"]
[Site "?"]
[Date "2018.05.27"]
[Round "9.4"]
[White "Stevik, Patrik"]
[Black "Sevcikova, Lucia"]
[Result "0-1"]
[BlackElo "1434"]
[WhiteElo "1609"]
[LiveChessVersion "1.4.8"]

1. c4 c5 2. Nc3 Nc6 3. g3 d6 4. Nf3 Bd7 5. Bg2 g6 6. O-O Bg7 7. a3 Nf6 8. d3 a6
9. Qc2 O-O 10. Bd2 Qc7 11. Rac1 Rac8 12. Qb1 Qb8 13. e3 {[%clk 0:20:48]} e6
{[%clk 0:21:53]} 14. d4 {[%clk 0:20:44]} cxd4 {[%clk 0:21:46]} 15. exd4
{[%clk 0:20:53]} d5 {[%clk 0:20:25]} 16. Bf4 {[%clk 0:20:38]} Qa7
{[%clk 0:20:25]} 17. c5 {[%clk 0:20:19]} Nh5 {[%clk 0:20:07]} 18. Be3
{[%clk 0:20:25]} Nf6 {[%clk 0:19:56]} 19. Na4 {[%clk 0:20:25]} Nxd4
{[%clk 0:18:44]} 20. Nb6 {[%clk 0:20:30]} Ne2+ {[%clk 0:18:03]} 21. Kh1
{[%clk 0:20:38]} Nxc1 {[%clk 0:18:05]} 22. Nxc8 {[%clk 0:20:39]} Bxc8
{[%clk 0:18:06]} 23. Rxc1 {[%clk 0:20:36]} Qa8 {[%clk 0:18:13]} 24. b4
{[%clk 0:20:06]} Bd7 {[%clk 0:17:51]} 25. Ne5 {[%clk 0:20:09]} Bc6
{[%clk 0:17:48]} 26. Qb3 {[%clk 0:19:48]} Nd7 {[%clk 0:17:19]} 27. Nxd7 Bxd7 28.
a4 {[%clk 0:18:46]} Qe8 {[%clk 0:17:21]} 29. a5 {[%clk 0:18:25]} Bb5
{[%clk 0:17:14]} 30. f4 {[%clk 0:18:19]} Qd7 {[%clk 0:16:37]} 31. Re1
{[%clk 0:17:29]} Bc4 {[%clk 0:16:06]} 32. Qc2 {[%clk 0:17:30]} Qb5
{[%clk 0:15:54]} 33. Bd2 {[%clk 0:17:38]} Bd4 {[%clk 0:15:09]} 34. g4
{[%clk 0:16:43]} Bd3 {[%clk 0:14:20]} 35. Qb3 {[%clk 0:16:50]} Bf2
{[%clk 0:14:05]} 36. Rc1 {[%clk 0:16:54]} Bd4 {[%clk 0:13:39]} 37. f5
{[%clk 0:17:02]} Bc4 {[%clk 0:12:52]} 38. Qh3 {[%clk 0:15:51]} e5
{[%clk 0:12:08]} 39. g5 {[%clk 0:15:49]} gxf5 {[%clk 0:11:01]} 40. Qxf5
{[%clk 0:15:47]} e4 {[%clk 0:10:00]} 41. Bc3 {[%clk 0:15:22]} Bxc3
{[%clk 0:09:10]} 42. Rxc3 {[%clk 0:15:29]} Bd3 {[%clk 0:09:19]} 43. Qxd5
{[%clk 0:15:05]} Qxb4 {[%clk 0:09:24]} 44. Rc1 {[%clk 0:15:13]} Qd2
{[%clk 0:07:45]} 45. Rg1 {[%clk 0:14:32]} Qxa5 {[%clk 0:07:35]} 46. g6
{[%clk 0:13:58]} hxg6 {[%clk 0:07:02]} 47. Bxe4 {[%clk 0:12:04]} Bxe4+
{[%clk 0:07:07]} 48. Qxe4 {[%clk 0:12:13]} Qc7 {[%clk 0:06:57]} 49. Qc4
{[%clk 0:11:54]} Qc6+ {[%clk 0:06:55]} 50. Rg2 {[%clk 0:12:01]} Rd8
{[%clk 0:06:22]} 51. h4 {[%clk 0:12:08]} Rd1+ {[%clk 0:06:02]} 52. Kh2
{[%clk 0:12:08]} Qc7+ {[%clk 0:05:58]} 53. Kh3 {[%clk 0:11:57]} Rh1+
{[%clk 0:05:54]} 54. Kg4 {[%clk 0:12:05]} Qd7+ {[%clk 0:05:44]} 55. Kf3
{[%clk 0:11:32]} Qh3+ {[%clk 0:05:24]} 56. Kf2 {[%clk 0:11:16]} Qxh4+
{[%clk 0:05:24]} 57. Qxh4 {[%clk 0:11:20]} Rxh4 {[%clk 0:05:33]} 58. Rg3
{[%clk 0:11:29]} Rc4 {[%clk 0:05:40]} 59. Rb3 {[%clk 0:11:38]} Rxc5
{[%clk 0:05:46]} 60. Rxb7 {[%clk 0:11:47]} a5 {[%clk 0:05:52]} 61. Ra7
{[%clk 0:11:56]} Kg7 {[%clk 0:06:00]} 62. Kf3 {[%clk 0:12:05]} Rf5+
{[%clk 0:06:08]} 63. Kg4 {[%clk 0:12:11]} Kh6 {[%clk 0:06:07]} 64. Ra8
{[%clk 0:12:20]} f6 {[%clk 0:06:03]} 65. Rh8+ {[%clk 0:12:29]} Kg7
{[%clk 0:06:11]} 66. Ra8 {[%clk 0:12:36]} Re5 {[%clk 0:06:09]} 67. Ra7+
{[%clk 0:12:42]} Kh6 {[%clk 0:06:17]} 68. Ra8 {[%clk 0:12:50]} f5+
{[%clk 0:06:13]} 69. Kf4 {[%clk 0:12:59]} Re4+ {[%clk 0:06:21]} 70. Kf3
{[%clk 0:13:09]} a4 {[%clk 0:06:29]} 71. Rh8+ {[%clk 0:13:17]} Kg5
{[%clk 0:06:38]} 72. Rh1 {[%clk 0:13:25]} a3 {[%clk 0:06:42]} 73. Rg1+
{[%clk 0:13:34]} Kf6 {[%clk 0:06:51]} 74. Ra1 {[%clk 0:13:43]} Ra4
{[%clk 0:06:59]} 75. Kg3 {[%clk 0:13:51]} g5 {[%clk 0:07:07]} 76. Kf3
{[%clk 0:14:01]} g4+ {[%clk 0:07:14]} 77. Kg3 {[%clk 0:14:09]} Kg5
{[%clk 0:07:23]} 78. Kf2 {[%clk 0:14:17]} f4 {[%clk 0:07:32]} 79. Kg2
{[%clk 0:14:26]} a2 {[%clk 0:07:38]} 80. Kf2 {[%clk 0:14:34]} Ra3
{[%clk 0:07:47]} 81. Kg2 {[%clk 0:14:43]} g3 {[%clk 0:07:53]} 82. Kf1
{[%clk 0:14:52]} Kg4 {[%clk 0:08:02]} 83. Kg2 {[%clk 0:15:01]} f3+
{[%clk 0:08:11]} 84. Kf1 {[%clk 0:15:09]} g2+ {[%clk 0:08:14]} 85. Kf2
{[%clk 0:15:18]} Kh3 {[%clk 0:08:20]} 86. Kg1 {[%clk 0:15:20]} Kg3
{[%clk 0:08:27]} 87. Rf1 {[%clk 0:15:28]} gxf1=Q+ {[%clk 0:08:32]} 0-1

[Event "MESRRK"]
[Site "?"]
[Date "2018.05.27"]
[Round "9.5"]
[White "Rakovsky, Jakub"]
[Black "Paseka, Matyas"]
[Result "1/2-1/2"]
[BlackElo "1651"]
[WhiteElo "1114"]
[LiveChessVersion "1.4.8"]

1. e4 {[%clk 0:20:17]} c5 {[%clk 0:20:19]} 2. Nf3 {[%clk 0:20:26]} d6
{[%clk 0:20:28]} 3. d4 {[%clk 0:20:35]} cxd4 {[%clk 0:20:37]} 4. Nxd4
{[%clk 0:20:44]} Nf6 {[%clk 0:20:45]} 5. Nc3 {[%clk 0:20:52]} a6 {[%clk 0:20:54]}
6. Bd3 {[%clk 0:20:54]} Nc6 {[%clk 0:20:36]} 7. Be3 {[%clk 0:20:59]} Nxd4
{[%clk 0:19:59]} 8. Bxd4 {[%clk 0:21:07]} e5 {[%clk 0:20:07]} 9. Be3
{[%clk 0:21:13]} Be6 {[%clk 0:20:15]} 10. O-O {[%clk 0:21:17]} Be7
{[%clk 0:20:22]} 11. Kh1 {[%clk 0:21:21]} b5 {[%clk 0:20:06]} 12. f4
{[%clk 0:21:16]} Rc8 {[%clk 0:19:44]} 13. Qe2 {[%clk 0:21:00]} O-O
{[%clk 0:19:31]} 14. Rad1 {[%clk 0:21:00]} Qa5 15. a3 {[%clk 0:20:43]} Bg4
{[%clk 0:19:15]} 16. Rf3 {[%clk 0:20:39]} exf4 {[%clk 0:17:38]} 17. Bxf4
{[%clk 0:20:47]} Rfd8 {[%clk 0:17:36]} 18. h3 {[%clk 0:20:56]} Bxf3
{[%clk 0:17:40]} 19. gxf3 {[%clk 0:21:03]} Nh5 {[%clk 0:17:10]} 20. Bh2
{[%clk 0:21:06]} Bg5 {[%clk 0:16:41]} 21. Rg1 {[%clk 0:21:11]} Nf4
{[%clk 0:16:20]} 22. Bxf4 {[%clk 0:20:48]} Bxf4 {[%clk 0:16:28]} 23. Nd5
{[%clk 0:20:46]} Be5 {[%clk 0:15:56]} 24. Ne7+ {[%clk 0:20:25]} Kh8
{[%clk 0:14:58]} 25. Nxc8 {[%clk 0:20:18]} Rxc8 {[%clk 0:15:05]} 26. c3
{[%clk 0:20:26]} Qd8 {[%clk 0:15:00]} 27. Qg2 {[%clk 0:20:13]} Qf6
{[%clk 0:13:42]} 28. Qg4 {[%clk 0:19:04]} Rd8 {[%clk 0:13:32]} 29. Be2
{[%clk 0:18:09]} d5 {[%clk 0:12:18]} 30. Rd1 {[%clk 0:17:35]} 1/2-1/2

[Event "MESRRK"]
[Site "?"]
[Date "2018.05.27"]
[Round "9.6"]
[White "Salgovic, Simon"]
[Black "Orgon, Patrik"]
[Result "1-0"]
[BlackElo "1355"]
[WhiteElo "1643"]
[LiveChessVersion "1.4.8"]

1. e4 {[%clk 0:20:18]} d5 {[%clk 0:20:19]} 2. exd5 Qxd5 3. Nc3 {[%clk 0:20:35]}
Qd6 {[%clk 0:20:37]} 4. d4 {[%clk 0:20:13]} Nf6 {[%clk 0:20:45]} 5. Nf3
{[%clk 0:19:18]} a6 {[%clk 0:20:53]} 6. g3 {[%clk 0:19:06]} Bf5 {[%clk 0:20:46]}
7. Bf4 {[%clk 0:19:10]} Qd7 {[%clk 0:20:45]} 8. Ne5 {[%clk 0:18:50]} Qd8
{[%clk 0:20:31]} 9. Bg2 {[%clk 0:18:38]} c6 {[%clk 0:20:26]} 10. O-O
{[%clk 0:18:33]} e6 {[%clk 0:20:34]} 11. Na4 {[%clk 0:16:44]} Be7
{[%clk 0:20:07]} 12. c4 {[%clk 0:16:47]} O-O {[%clk 0:20:12]} 13. Qb3
{[%clk 0:16:28]} Nbd7 {[%clk 0:19:53]} 14. Rfd1 {[%clk 0:15:04]} Rc8
{[%clk 0:18:14]} 15. Rac1 {[%clk 0:14:34]} Qa5 {[%clk 0:16:33]} 16. Nxd7
{[%clk 0:12:26]} Nxd7 {[%clk 0:16:32]} 17. Qxb7 {[%clk 0:11:45]} e5
{[%clk 0:15:57]} 18. Bxc6 {[%clk 0:09:30]} Rb8 {[%clk 0:15:30]} 19. Qa7
{[%clk 0:09:10]} exf4 {[%clk 0:10:40]} 20. Bxd7 {[%clk 0:08:36]} Be4
{[%clk 0:10:10]} 21. d5 {[%clk 0:07:45]} Bg5 {[%clk 0:08:49]} 22. Qd4
{[%clk 0:01:43]} f3 {[%clk 0:08:08]} 23. Qxe4 {[%clk 0:01:38]} Bxc1
{[%clk 0:08:12]} 24. Rxc1 {[%clk 0:01:46]} Qd2 {[%clk 0:08:19]} 25. Qe1
{[%clk 0:01:48]} Qh6 {[%clk 0:07:39]} 26. b3 {[%clk 0:01:38]} g6 {[%clk 0:07:40]}
27. Qe3 {[%clk 0:01:26]} Qh5 {[%clk 0:07:22]} 28. Rc3 {[%clk 0:01:15]} Rfd8
{[%clk 0:07:02]} 29. Nc5 {[%clk 0:01:05]} a5 {[%clk 0:04:09]} 30. Qxf3
{[%clk 0:01:02]} Qe5 {[%clk 0:04:09]} 31. Bc6 {[%clk 0:00:56]} Qe1+
{[%clk 0:03:54]} 32. Kg2 {[%clk 0:01:05]} Qb1 {[%clk 0:04:01]} 33. Nd7
{[%clk 0:01:09]} Rbc8 {[%clk 0:02:50]} 34. Re3 {[%clk 0:00:56]} Qb2
{[%clk 0:02:20]} 35. Nf6+ {[%clk 0:00:54]} Kg7 {[%clk 0:02:26]} 36. Ne8+
{[%clk 0:00:56]} Kf8 {[%clk 0:02:10]} 37. Qf6 {[%clk 0:01:02]} Qxf6
{[%clk 0:02:11]} 38. Nxf6 {[%clk 0:01:11]} Kg7 {[%clk 0:02:06]} 39. Nd7
{[%clk 0:01:15]} Rc7 {[%clk 0:02:06]} 40. Re7 {[%clk 0:01:18]} Ra7
{[%clk 0:02:07]} 41. d6 {[%clk 0:01:19]} Ra6 {[%clk 0:02:13]} 42. Ne5
{[%clk 0:01:22]} Rxd6 {[%clk 0:02:04]} 43. Rxf7+ {[%clk 0:01:26]} Kg8
{[%clk 0:02:00]} 44. Bd5 {[%clk 0:01:30]} Kh8 {[%clk 0:01:49]} 45. Rf8+
{[%clk 0:01:15]} Kg7 {[%clk 0:01:56]} 46. Rg8+ {[%clk 0:01:24]} Kf6
{[%clk 0:01:54]} 47. Ng4+ {[%clk 0:01:29]} Ke7 {[%clk 0:01:57]} 48. Rg7+
{[%clk 0:01:36]} Kd8 {[%clk 0:01:55]} 49. Rxh7 {[%clk 0:01:44]} a4
{[%clk 0:02:02]} 50. Rh8+ {[%clk 0:01:49]} Kc7 {[%clk 0:02:09]} 51. Ne5
{[%clk 0:01:43]} axb3 {[%clk 0:02:10]} 52. axb3 {[%clk 0:01:48]} Ra3
{[%clk 0:02:11]} 53. Rh7+ {[%clk 0:01:56]} Kb6 {[%clk 0:02:10]} 54. Nd3
{[%clk 0:01:24]} Ra7 {[%clk 0:01:54]} 55. Rxa7 {[%clk 0:01:32]} Kxa7
{[%clk 0:02:03]} 56. Kf3 {[%clk 0:01:40]} Rf6+ {[%clk 0:02:08]} 57. Ke4
{[%clk 0:01:46]} Rf8 {[%clk 0:02:13]} 58. Ke5 {[%clk 0:01:47]} Kb6
{[%clk 0:02:17]} 59. b4 {[%clk 0:01:54]} Rf5+ {[%clk 0:02:24]} 60. Ke6
{[%clk 0:01:57]} Kc7 {[%clk 0:02:32]} 61. Be4 {[%clk 0:01:44]} Rh5
{[%clk 0:02:40]} 62. Bxg6 {[%clk 0:01:46]} Rxh2 {[%clk 0:02:49]} 63. g4
{[%clk 0:01:42]} Rh1 {[%clk 0:02:50]} 64. g5 {[%clk 0:01:45]} Rg1
{[%clk 0:02:57]} 65. Kf6 {[%clk 0:01:54]} Kd6 {[%clk 0:03:03]} 66. Be4
{[%clk 0:01:56]} Rg4 {[%clk 0:03:06]} 67. f3 {[%clk 0:02:03]} Rg1
{[%clk 0:03:13]} 68. c5+ {[%clk 0:02:11]} Kc7 {[%clk 0:03:22]} 69. g6
{[%clk 0:02:20]} Kb8 {[%clk 0:03:12]} 70. Kf7 {[%clk 0:02:27]} Ka7
{[%clk 0:03:21]} 71. g7 {[%clk 0:02:36]} Ka6 {[%clk 0:03:26]} 72. g8=Q
{[%clk 0:02:42]} Rxg8 {[%clk 0:03:32]} 73. Kxg8 {[%clk 0:02:51]} Kb5
{[%clk 0:03:40]} 74. c6 {[%clk 0:02:58]} Kb6 {[%clk 0:03:49]} 75. Ne5
{[%clk 0:03:04]} Kc7 {[%clk 0:03:56]} 76. b5 {[%clk 0:03:14]} Kb6
{[%clk 0:04:02]} 77. Kf7 {[%clk 0:03:19]} Kc7 {[%clk 0:04:08]} 78. Ke7
{[%clk 0:03:29]} Kc8 {[%clk 0:04:14]} 79. Bf5+ {[%clk 0:03:37]} Kc7
{[%clk 0:04:23]} 80. Nc4 {[%clk 0:03:40]} Kb8 {[%clk 0:04:29]} 81. Kd7
{[%clk 0:03:47]} Ka7 {[%clk 0:04:37]} 82. c7 {[%clk 0:03:54]} Kb7
{[%clk 0:04:31]} 83. c8=Q+ {[%clk 0:04:02]} Ka7 {[%clk 0:04:40]} 84. b6# 1-0

[Event "MESRRK"]
[Site "?"]
[Date "2018.05.27"]
[Round "9.7"]
[White "Havalda, Samuel"]
[Black "Lovcican, Tomas"]
[Result "1/2-1/2"]
[BlackElo "1547"]
[WhiteElo "1059"]
[LiveChessVersion "1.4.8"]

1. e4 {[%clk 0:20:17]} c5 {[%clk 0:20:19]} 2. Nf3 {[%clk 0:20:25]} Nc6
{[%clk 0:20:28]} 3. d4 {[%clk 0:20:31]} cxd4 {[%clk 0:20:36]} 4. Nxd4
{[%clk 0:20:39]} g6 {[%clk 0:20:41]} 5. Nc3 {[%clk 0:20:20]} Bg7 {[%clk 0:20:48]}
6. Be3 {[%clk 0:20:28]} Nf6 {[%clk 0:20:56]} 7. Be2 {[%clk 0:18:43]} d6
{[%clk 0:21:04]} 8. Qd2 {[%clk 0:18:38]} O-O {[%clk 0:21:06]} 9. O-O-O
{[%clk 0:18:43]} Bd7 {[%clk 0:21:03]} 10. f3 {[%clk 0:18:07]} Rc8
{[%clk 0:21:05]} 11. g4 {[%clk 0:18:15]} Ne5 {[%clk 0:20:34]} 12. h4
{[%clk 0:17:48]} h5 {[%clk 0:20:09]} 13. gxh5 {[%clk 0:17:50]} Nxh5
{[%clk 0:20:17]} 14. f4 {[%clk 0:17:43]} Nc4 {[%clk 0:19:26]} 15. Bxc4
{[%clk 0:17:16]} Rxc4 {[%clk 0:19:35]} 16. Nce2 {[%clk 0:16:27]} b5
{[%clk 0:19:00]} 17. f5 {[%clk 0:16:07]} b4 {[%clk 0:18:24]} 18. Rhg1
{[%clk 0:14:32]} Qa5 {[%clk 0:17:32]} 19. a3 {[%clk 0:13:16]} Qa4
{[%clk 0:17:09]} 20. fxg6 {[%clk 0:11:48]} bxa3 {[%clk 0:17:16]} 21. gxf7+
{[%clk 0:11:29]} Rxf7 {[%clk 0:17:26]} 22. b3 {[%clk 0:10:38]} a2
{[%clk 0:17:35]} 23. Kb2 {[%clk 0:10:23]} Rb4 {[%clk 0:14:22]} 24. Ra1
{[%clk 0:09:22]} Qa5 {[%clk 0:06:18]} 25. Rxa2 {[%clk 0:09:09]} Qb6
{[%clk 0:06:27]} 26. Rxg7+ {[%clk 0:07:32]} Nxg7 {[%clk 0:08:31]} 27. Nf5
{[%clk 0:07:30]} Qb7 {[%clk 0:08:30]} 28. Nh6+ {[%clk 0:07:37]} Kf8
{[%clk 0:08:26]} 29. Nxf7 {[%clk 0:07:45]} Kxf7 {[%clk 0:08:34]} 30. Rxa7
{[%clk 0:07:47]} Qb5 {[%clk 0:08:30]} 31. Rxd7 {[%clk 0:07:54]} Rxe4
{[%clk 0:07:58]} 32. Rc7 {[%clk 0:06:57]} Ne6 {[%clk 0:07:43]} 33. Rc3
{[%clk 0:06:47]} Qe5 {[%clk 0:07:04]} 34. Qd3 {[%clk 0:05:45]} d5
{[%clk 0:06:27]} 35. h5 {[%clk 0:05:14]} d4 {[%clk 0:05:57]} 36. Nxd4
{[%clk 0:05:08]} Nxd4 {[%clk 0:05:58]} 37. Bxd4 {[%clk 0:05:16]} Qxd4
{[%clk 0:05:52]} 38. Qxd4 {[%clk 0:05:25]} Rxd4 {[%clk 0:06:01]} 39. Rd3
{[%clk 0:05:17]} Rh4 {[%clk 0:06:03]} 40. Rd5 {[%clk 0:05:26]} e6
{[%clk 0:06:08]} 41. Re5 {[%clk 0:05:32]} Kf6 {[%clk 0:06:17]} 42. Rc5
{[%clk 0:05:38]} e5 {[%clk 0:06:26]} 43. Rc6+ {[%clk 0:05:34]} Kf5
{[%clk 0:06:34]} 44. c4 {[%clk 0:05:35]} Rxh5 {[%clk 0:06:39]} 45. Kc3
{[%clk 0:05:44]} Ke4 {[%clk 0:06:45]} 46. b4 {[%clk 0:05:50]} Rh3+
{[%clk 0:06:54]} 47. Kb2 {[%clk 0:05:52]} Kd3 {[%clk 0:07:02]} 48. Kb3
{[%clk 0:05:57]} e4 {[%clk 0:06:56]} 49. b5 {[%clk 0:06:02]} 1/2-1/2

[Event "MESRRK"]
[Site "?"]
[Date "2018.05.27"]
[Round "9.8"]
[White "Compel, Daniel"]
[Black "Paluska, Karol"]
[Result "1-0"]
[BlackElo "1431"]
[WhiteElo "1314"]
[LiveChessVersion "1.4.8"]

1. e4 {[%clk 0:20:19]} c6 {[%clk 0:20:18]} 2. d4 {[%clk 0:20:28]} d5
{[%clk 0:20:27]} 3. exd5 {[%clk 0:20:36]} cxd5 {[%clk 0:20:35]} 4. c4
{[%clk 0:20:45]} Nf6 {[%clk 0:20:42]} 5. Nc3 {[%clk 0:20:54]} e6 {[%clk 0:20:50]}
6. c5 {[%clk 0:21:03]} Nc6 {[%clk 0:20:57]} 7. Nf3 {[%clk 0:21:10]} Qc7
{[%clk 0:20:53]} 8. Bd2 {[%clk 0:21:07]} Be7 {[%clk 0:20:39]} 9. Bb5
{[%clk 0:20:58]} a6 10. Bd3 {[%clk 0:21:05]} O-O {[%clk 0:20:54]} 11. Na4
{[%clk 0:21:09]} e5 {[%clk 0:19:46]} 12. dxe5 Nxe5 {[%clk 0:19:48]} 13. Nxe5
{[%clk 0:20:30]} Qxe5+ {[%clk 0:19:56]} 14. Qe2 {[%clk 0:20:34]} Qxe2+
{[%clk 0:19:00]} 15. Bxe2 {[%clk 0:20:42]} Rb8 {[%clk 0:18:05]} 16. Bf4
{[%clk 0:20:40]} Bd7 {[%clk 0:16:25]} 17. Bxb8 {[%clk 0:19:37]} Rxb8
{[%clk 0:16:34]} 18. Nb6 {[%clk 0:19:29]} Bxc5 {[%clk 0:16:29]} 19. Nxd7
{[%clk 0:19:37]} Nxd7 {[%clk 0:16:38]} 20. O-O {[%clk 0:19:35]} Nf6
{[%clk 0:16:23]} 21. Rac1 {[%clk 0:19:31]} Bd4 {[%clk 0:14:35]} 22. b3
{[%clk 0:19:26]} Rd8 {[%clk 0:13:21]} 23. Bd3 {[%clk 0:19:04]} Bb6
{[%clk 0:13:08]} 24. b4 {[%clk 0:18:09]} g6 {[%clk 0:12:35]} 25. a4
{[%clk 0:18:15]} Nh5 {[%clk 0:12:27]} 26. g3 {[%clk 0:18:01]} f5 {[%clk 0:11:56]}
27. a5 {[%clk 0:17:07]} Ba7 {[%clk 0:12:05]} 28. Rc7 {[%clk 0:17:09]} Rb8
{[%clk 0:11:46]} 29. Rfc1 {[%clk 0:16:41]} Nf6 {[%clk 0:10:46]} 30. Rc8+
{[%clk 0:16:24]} Rxc8 {[%clk 0:10:22]} 31. Rxc8+ {[%clk 0:16:32]} Kg7
{[%clk 0:10:31]} 32. Rc7+ {[%clk 0:16:40]} Kh6 {[%clk 0:10:40]} 33. Rxb7
{[%clk 0:16:47]} Bd4 {[%clk 0:10:49]} 34. Bxa6 {[%clk 0:16:37]} Ng4
{[%clk 0:10:56]} 35. Kg2 {[%clk 0:16:40]} Nxf2 {[%clk 0:10:58]} 36. Rb5
{[%clk 0:16:30]} Ne4 {[%clk 0:10:45]} 37. Rxd5 {[%clk 0:16:23]} Bc3
{[%clk 0:10:53]} 38. Rb5 {[%clk 0:16:04]} Nd6 {[%clk 0:10:38]} 39. Rb6
{[%clk 0:16:11]} Nf7 {[%clk 0:10:41]} 40. Be2 {[%clk 0:16:12]} Ne5
{[%clk 0:10:42]} 41. a6 {[%clk 0:16:15]} Nd7 {[%clk 0:10:24]} 42. Rb7
{[%clk 0:16:12]} Bxb4 {[%clk 0:10:18]} 43. a7 {[%clk 0:16:13]} f4
{[%clk 0:10:13]} 44. a8=Q {[%clk 0:16:16]} f3+ {[%clk 0:10:22]} 45. Bxf3
{[%clk 0:16:20]} Nb8 {[%clk 0:10:27]} 46. Qa7 {[%clk 0:16:24]} Be7
{[%clk 0:10:30]} 47. Qe3+ {[%clk 0:16:28]} Bg5 {[%clk 0:10:35]} 48. Qa7
{[%clk 0:16:17]} Nd7 {[%clk 0:10:37]} 49. Rxd7 {[%clk 0:16:19]} Be7
{[%clk 0:10:42]} 50. Rxe7 {[%clk 0:16:23]} Kg5 {[%clk 0:10:49]} 51. Qc5+
{[%clk 0:16:30]} Kh6 {[%clk 0:10:51]} 52. Qe3+ {[%clk 0:16:38]} g5
{[%clk 0:10:59]} 53. Qe6# 1-0